| 000 | 00531nam a2200181Ia 4500 | ||
|---|---|---|---|
| 008 | 240925s9999 xx 000 0 und d | ||
| 020 | _a1850582173 | ||
| 082 | _a006.6 TYL | ||
| 100 | _aTyler, Andrew | ||
| 245 | 0 | _aReal Time 3D Graphics for the Atari Stapractical guide to 68000 assemble programming | |
| 250 | _aNA | ||
| 260 |
_aLondon: _bSag Publication _c,1991. |
||
| 300 |
_axiv,585p. _bNA _fOriginal |
||
| 500 | _aNA | ||
| 600 | _aComputer Science | ||
| 650 | _aComputer science, information & general works | ||
| 942 | _cBK | ||
| 999 |
_c3865 _d3865 |
||